Statistics for Countries That Registered The Strongest Earthquakes

Click here to take the quiz!

General Stats

  • This quiz has been taken 23 times
  • The average score is 17 of 25

Answer Stats

#YearHintCountry% Correct
9.61960South AmericaChile
100%
9.31585North AmericaUnited States
95%
9.51837South AmericaChile
91%
9.31868South AmericaChile
91%
9.51730South AmericaChile
91%
9.22004AsiaIndonesia
91%
9.21964North AmericaUnited States
91%
9.01575South AmericaChile
86%
9.01604South AmericaChile
86%
9.12011AsiaJapan
77%
8.91877South AmericaChile
73%
8.81877South AmericaChile
68%
8.81852AsiaIndonesia
64%
8.91707AsiaJapan
64%
9.01755EuropePortugal
64%
8.71700North AmericaCanada
59%
8.81906South AmericaEcuador
59%
8.81833AsiaIndonesia
59%
8.61787North AmericaMexico
59%
9.21737AsiaRussia
59%
8.71687South AmericaPeru
55%
8.61746South AmericaPeru
50%
9.01841AsiaRussia
50%
9.01952AsiaRussia
45%
8.81762AsiaBangladesh
18%

Score Distribution

Percentile by Number Answered

Percent of People with Each Score

Your Score History

You have not taken this quiz